000
00291nam a22001337a 4500
008
210609b ||||| |||| 00| 0 eng d
041
_a
eng
080
_a
612.39
082
_a
612.39
100
_a
10
101
_a
NUT
245
_a
Nutrition for Nursing
_c
Sherly Sommer
942
_2
udc
_c
BK
999
_c
58081
_d
58081